000 00557nam a22002297a 4500
003 UA-OsUOA
001 796
007 ta
008 20050706b un ||||| |||| 00| 0 ukr d
100 _aСтеблин-Каменский М.И.
090 _a291.13
_bС79
942 _cBK
040 _aUA-OsUOA
_brus
_cUA-OsUOA
_dUA-OsUOA
245 _aМиф
300 _a100 с.
955 _a1
041 _arus
080 _a291.13
260 _aСПб
_bНаука
_c1976
650 7 _a29 Нехристиянські релігії
_2UDC
999 _c286959
_d286959